Základy politické ekonomie : studijní texy pro posluchače útvaru stranického vzdělávání Škola základů marxismu-leninismu /

Uložené v:
Podrobná bibliografia
Hlavný autor: Fremer, Miloslav, 1919- (Author)
Korporatívny autor: Vysoká škola politická ÚV KSČ. Katedra politické ekonomie
Médium: Kniha
Jazyk:Czech
Vydané: Praha : Svoboda, 1984.
Vydanie:Vyd. 1.
ISBN: (brož.)
Fyzický popis: 440 s.
Tagy: Pridať tag
Žiadne tagy, Buďte prvý kto otaguje tento záznam!

MARC

LEADER 00000nam a2200000 4500
001 000410074
005 20121113194859.0
008 090804s1984 xr e cze d
020 |a (brož.)  |c Kčs 29,00 
040 |a SVKKK  |b slo  |c SVKKK  |e AACR2 
041 0 |a cze 
044 |a xr  |c CZ 
245 0 0 |a Základy politické ekonomie :  |b studijní texy pro posluchače útvaru stranického vzdělávání Škola základů marxismu-leninismu /  |c [zpracoval autorský kolektiv katedry politické ekonomie Vysoké školy politické ÚV KSČ pod vedením Miloslava Fremera]. 
250 |a Vyd. 1. 
260 |a Praha :  |b Svoboda,  |c 1984. 
300 |a 440 s. 
700 1 |a Fremer, Miloslav,  |d 1919-  |4 aut 
710 2 |a Vysoká škola politická ÚV KSČ.  |b Katedra politické ekonomie 
910 |a svkkk 
998 |a BK 
090 |g SCKHL  |k Sklad Pribinova 2. posch.  |a II.305093  |j 709924  |i B272296  |s Absenčne